000 00299cam a22001097a 4500
008 180718b1944 xxu||||| |||| 00| 0 eng d
082 _aA42x54 In2/39/wd
100 _aThe Madras law Journal Office
245 _aThe defence of India act of 1939
260 _aMadras
_bThe author
_c1944
300 _a229p
999 _c379266
_d379266